000
00312nam a22001217a 4500
008
180418b xxu||||| |||| 00| 0 eng d
041
_a
eng
080
_a
10702
100
_a
0
101
_a
BTH
245
_a
SHKAQET E AKSIDENTEVE DHE LËNDIMEVE NË SEKTORIN E NDËRTIMIT NË KOSOVË
_c
Lakna,F
942
_2
udc
_c
BK
999
_c
45290
_d
45290